Statistics for 10 most popular car models 2013

Click here to take the quiz!

General Stats

  • This quiz has been taken 21 times
  • The average score is 3 of 10

Answer Stats

HintAnswer% Correct
2. 54,904 soldFord Focus
68%
1. 72,129 soldFord fiesta
53%
5. 37,297 soldVolkswagen Golf
47%
10. 22,437 soldBMW 1
42%
7. 26,288 soldVolkswagen polo
37%
8. 24,658 soldBMW 3
32%
3. 51,133 soldVauxhall corsa
21%
4. 39,896 soldVauxhall astra
16%
6. 31,424 soldNissan Qashqui
11%
9. 23,294 soldPeugeot 208
11%

Score Distribution

Percentile by Number Answered

Percent of People with Each Score

Your Score History

You have not taken this quiz